[Event "Women-Veterans"]
[Site "Aruba"]
[Date "1992.??.??"]
[Round "9"]
[White "Polgar, Judit"]
[Black "Geller, Efim P"]
[Result "1/2-1/2"]
[WhiteElo "2575"]
[BlackElo "2525"]

1.e4 e5 2.Nf3 Nc6 3.Bb5 a6 4.Ba4 Nf6 5.O-O Be7 6.Re1 b5 7.Bb3 d6 8.c3 O-O
9.d4 Bg4 10.d5 Na5 11.Bc2 c6 12.h3 Bxf3 13.Qxf3 cxd5 14.exd5 Rc8 15.Nd2 g6
16.Nf1 Ne8 17.Qe2 Nc4 18.a4 Nc7 19.axb5 axb5 20.b3 Nb6 21.c4 Bg5 22.Ba3 bxc4
23.bxc4 Ne8 24.Bb3 Qc7 25.Nd2 Bxd2 26.Qxd2 Nxc4 27.Bxc4 Qxc4 28.Rac1 Qa6
29.Rxc8 Qxc8 30.Qb4 Qf5 31.Qb6 Qd3 32.Bxd6 Nxd6 33.Qxd6 e4 34.Qd7 Ra8 35.d6 Ra6
36.Qe8+ Kg7 37.Qe5+ Kg8 38.Rc1 Rxd6 39.Qe8+ Kg7 40.Rc8 Qd1+ 41.Kh2 Qd5 42.Qf8+ Kf6
43.Qh8+ Kg5 44.Re8 Re6 45.Rxe6 Qxe6 46.Qxh7 Qf6 47.Kg1 Qa1+ 48.Kh2 Qa7 49.Kg1  1/2-1/2

[Event "Aruba"]
[Site "Aruba"]
[Date "1992.??.??"]
[Round "9"]
[White "Polgar, Judit"]
[Black "Polgar, Zsuzsa"]
[Result "0-1"]
[WhiteElo "2550"]
[BlackElo "2530"]

1.d4 Nf6 2.c4 c5 3.Nf3 cxd4 4.Nxd4 b6 5.Nc3 Bb7 6.Bg5 e6 7.e3 d6 8.Bh4 Be7
9.Be2 Nc6 10.O-O O-O 11.Ndb5 Ne8 12.Bg3 a6 13.Nd4 Rc8 14.Rc1 Nf6 15.Nxc6 Bxc6
16.Qc2 Qd7 17.Rfd1 Rfd8 18.Qd3 Qb7 19.f3 Rd7 20.Bf2 Rdc7 21.e4 Be8 22.Be3 Nd7
23.Qd4 Rc6 24.Qd2 R6c7 25.b3 Nf6 26.a4 Nd7 27.Bf1 Ne5 28.Qf2 Rb8 29.Be2 Nc6
30.Qg3 Rd8 31.h4 Kh8 32.h5 h6 33.Qf2 Rb8 34.g4 Na5 35.Rb1 Bf6 36.Na2 b5 37.Rxd6 bxc4
38.Rb6 Qc8 39.bxc4 Rxb6 40.Bxb6 Rd7 41.Nb4 Rd2 42.Be3 Qd8 43.Bxd2 Qxd2 44.Kg2 Bxa4
45.Bf1 Qc3 46.Qe1 Qd4 47.Nxa6 Nc6 48.c5 Bc2 49.Rb6 Ne5 50.Qf2 Qd1 51.Be2 Qd2
52.Rd6 Qf4 53.Rb6 Nxg4 54.Qg3 Qd2 55.Qxg4 Qxe2+ 56.Kh3 Be5 57.Qg2 Qe3 58.Rb7 Kg8
59.Rb8+ Bxb8 60.Nxb8 Qxc5 61.Kh4 Ba4 62.Qd2 Bb5 63.Qd8+ Kh7 64.Kg4 f6 65.Nd7 Qg1+
66.Kh4 Qg5+  0-1

[Event "Women-Veterans"]
[Site "Aruba"]
[Date "1992.??.??"]
[Round "10"]
[White "Smyslov, Vassily"]
[Black "Polgar, Judit"]
[Result "1/2-1/2"]
[WhiteElo "2530"]
[BlackElo "2575"]

1.Nf3 Nf6 2.g3 g6 3.b3 Bg7 4.Bb2 O-O 5.Bg2 d6 6.d4 e5 7.dxe5 Nfd7 8.Nc3 dxe5
9.e4 Nc6 10.O-O Nd4 11.Ne2 Nxf3+ 12.Bxf3 Qf6 13.Bg2 Rd8 14.Qd2 Nf8 15.Qe3 Ne6
16.Rad1 Nd4 17.c3 Nxe2+ 18.Qxe2 Be6 19.Rxd8+ Rxd8 20.Rd1  1/2-1/2

[Event "Donau Cup op"]
[Site "Budapest"]
[Date "1992.??.??"]
[Round "11"]
[White "Polgar, Judit"]
[Black "Tregubov, Pavel V"]
[Result "1/2-1/2"]
[WhiteElo "2550"]
[BlackElo "2385"]

1.e4 d6 2.d4 Nf6 3.Nc3 g6 4.f4 Bg7 5.Nf3 c5 6.Bb5+ Bd7 7.e5 Ng4 8.h3 cxd4
9.Qxd4 dxe5 10.Qd5 e4 11.Ng5 Nh6 12.Qxb7 Bxc3+ 13.bxc3 O-O 14.Qxa8 Qc7 15.Qxe4 Qxc3+
16.Kf2 Qxa1 17.Qxe7 Re8 18.Qb4 a5 19.Qa4 Bxb5 20.Qxb5 Qd4+ 21.Kg3 Re3+ 22.Bxe3 Qxe3+
23.Kh2 Qxf4+ 24.Kg1 Qe3+ 25.Kh2 Qf4+ 26.Kg1 Qe3+ 27.Kh2 Qf4+  1/2-1/2

[Event "Buenos Aires"]
[Site "Buenos Aires"]
[Date "1992.??.??"]
[Round "?"]
[White "Polgar, Judit"]
[Black "Szmetan, Jorge"]
[Result "1/2-1/2"]
[WhiteElo "2550"]
[BlackElo "2400"]

1.e4 e5 2.Nf3 Nf6 3.d4 Nxe4 4.Bd3 d5 5.Nxe5 Nd7 6.O-O Nxe5 7.dxe5 Nc5 8.Be2 Be7
9.b3 O-O 10.Bb2 c6 11.Nd2 a5 12.a3 Qc7 13.Nf3 Bd7 14.c4 dxc4 15.Bxc4 Be6
16.Qc2 Bxc4 17.Qxc4 Ne6 18.Rfe1 Rad8 19.b4 axb4 20.axb4 Rd5 21.Nd4 Qb6 22.Nf5 Bxb4
23.Bc3 Bc5 24.Kh1 Qc7 25.Qg4 Qd7 26.f4 Rd3 27.Rad1 Rd8 28.Nxg7 Kf8 29.Rxd3 Qxd3
30.Nxe6+ fxe6 31.Qh4 Be7 32.Qh6+ Ke8 33.Qh5+ Kf8 34.Ba5 Rd5 35.Bc7 Qg6 36.Qe2 Qd3
37.Qxd3 Rxd3 38.g4 b5 39.Rc1 c5 40.f5 c4 41.Ba5 Ba3 42.Rb1 Rb3 43.Rd1 Rd3
44.Rxd3 cxd3 45.Kg2 b4 46.Kf3 b3 47.Bc3 Bc1 48.h3 Ke8 49.Kf2 h5 50.Ke1 h4
51.Kd1 Bh6 52.Bb2 Bf4 53.Bc3 Kd7 54.Ba1 Bg5 55.Bc3 Bh6 56.Bb2 Be3 57.Bc3 Bf4
58.Ba1 Bg5 59.Bc3 Kc6 60.f6 Bh6 61.f7  1/2-1/2

[Event "Buenos Aires"]
[Site "Buenos Aires"]
[Date "1992.??.??"]
[Round "?"]
[White "Zarnicki, Pablo"]
[Black "Polgar, Judit"]
[Result "1/2-1/2"]
[WhiteElo "2385"]
[BlackElo "2550"]

1.e4 c5 2.Nf3 Nc6 3.Bb5 e6 4.O-O Nge7 5.c3 a6 6.Ba4 b5 7.Bc2 d5 8.exd5 Nxd5
9.d4 cxd4 10.Nxd4 Bb7 11.a4 Qc7 12.axb5 Nxd4 13.Qxd4 axb5 14.Rxa8+ Bxa8 15.Re1 Nf6
16.Nd2 Bc5 17.Qh4 g5 18.Qg3 Bd6 19.Qh3 h5 20.Ne4 Bxe4 21.Bxe4 g4 22.Qd3 Bxh2+
23.Kh1 Bf4 24.Qxb5+ Kf8 25.Bxf4 Qxf4 26.Qc5+ Kg7 27.Qe3 Qxe3 28.Rxe3 Rd8
29.b4 Rd2 30.Kg1 h4 31.Kf1 Rb2 32.Bc6 Kg6 33.b5 Nd5 34.Re2 Rxe2  1/2-1/2

[Event "Buenos Aires"]
[Site "Buenos Aires"]
[Date "1992.??.??"]
[Round "?"]
[White "Polgar, Judit"]
[Black "Nikolic, Predrag"]
[Result "1/2-1/2"]
[WhiteElo "2550"]
[BlackElo "2635"]

1.e4 e5 2.Nf3 Nc6 3.Bb5 a6 4.Ba4 Nf6 5.O-O Be7 6.Re1 b5 7.Bb3 O-O 8.c3 d6
9.h3 Be6 10.d4 Bxb3 11.Qxb3 d5 12.exd5 Na5 13.Qc2 exd4 14.cxd4 Nxd5 15.Nc3  1/2-1/2

[Event "Buenos Aires"]
[Site "Buenos Aires"]
[Date "1992.??.??"]
[Round "?"]
[White "Chernin, Alexander"]
[Black "Polgar, Judit"]
[Result "1/2-1/2"]
[WhiteElo "2620"]
[BlackElo "2550"]

1.d4 Nf6 2.c4 g6 3.Nc3 Bg7 4.e4 d6 5.h3 O-O 6.Bg5 c5 7.d5 e6 8.Bd3 exd5 9.cxd5 Nbd7
10.Nf3 a6 11.a4 Qc7 12.O-O c4 13.Bc2 Re8 14.Re1 Nc5 15.a5 Nfd7 16.Be3 Rb8
17.Bd4 b5 18.axb6 Rxb6 19.Bxg7 Kxg7 20.Na4 Rb4 21.Qd4+ Kg8 22.e5 dxe5 23.d6 Ne6
24.Qd2 Qb8 25.Nxe5 Nxe5 26.Rxe5 Rd8 27.Rd1 Rb5 28.Rxb5 Qxb5 29.Nc3 Qe5 30.Qd5 Qxd5
31.Nxd5 Bd7 32.Nf6+  1/2-1/2

[Event "Hastings9293"]
[Site "Hastings"]
[Date "1992.??.??"]
[Round "2"]
[White "Polgar, Judit"]
[Black "Nunn, John DM"]
[Result "1/2-1/2"]
[WhiteElo "2575"]
[BlackElo "2595"]

1.e4 e5 2.Nf3 Nc6 3.Bb5 a6 4.Ba4 Nf6 5.O-O Be7 6.Re1 b5 7.Bb3 O-O 8.d4 Nxd4
9.Nxd4 exd4 10.e5 Ne8 11.Qxd4 Bb7 12.c4 bxc4 13.Qxc4 d5 14.exd6 Nxd6 15.Qg4 Bf6
16.Nc3 Nb5 17.Nxb5 axb5 18.Bf4 c5 19.Rad1 Qc8 20.Qxc8 Raxc8 21.Bd6 Rfd8 22.Bxc5 Rxd1
23.Bxd1 Bxb2 24.Bb3 g6 25.Be3 Kg7 26.Rd1 Bc6 27.f3 Rc7 28.Bf4 Rd7 29.Bd6 Bf6
30.Kf2 h5 31.f4 h4 32.g4 hxg3+ 33.hxg3 Rd8  1/2-1/2

[Event "Hastings9293"]
[Site "Hastings"]
[Date "1992.??.??"]
[Round "9"]
[White "Nunn, John DM"]
[Black "Polgar, Judit"]
[Result "1-0"]
[WhiteElo "2595"]
[BlackElo "2575"]

1.e4 c5 2.Nf3 e6 3.d4 cxd4 4.Nxd4 Qb6 5.Nb3 Qc7 6.c4 Nf6 7.Nc3 Bb4 8.Bd2 Nc6
9.Nb5 Qf4 10.Bxb4 Nxb4 11.f3 b6 12.Be2 a6 13.g3 Qe5 14.f4 Qxb2 15.Nd6+ Ke7
16.O-O Nxa2 17.Rxa2 Qxa2 18.e5 Qa3 19.exf6+ gxf6 20.c5 Qa4 21.Nc4 Bb7 22.Nxb6 Qe4
23.Bf3 Qe3+ 24.Kg2 Be4 25.Qd6+ Ke8 26.Nxd7 Qe2+ 27.Kg1 Qe3+ 28.Rf2  1-0

[Event "Hastings9293"]
[Site "Hastings"]
[Date "1992.??.??"]
[Round "11"]
[White "Gurevich, Ilya"]
[Black "Polgar, Judit"]
[Result "1/2-1/2"]
[WhiteElo "2510"]
[BlackElo "2575"]

1.e4 c5 2.Nf3 Nc6 3.d4 cxd4 4.Nxd4 Qb6 5.Nb3 Nf6 6.Nc3 e6 7.Bd3 a6 8.O-O Qc7
9.a4 b6 10.f4 d6 11.Be3 Bb7 12.Qe2 Be7 13.Nd2 d5 14.e5 Nd7 15.Nf3 g6 16.Qf2 Nc5
17.Rfd1 O-O-O 18.Nd4 Nb4 19.a5 bxa5 20.Na4 Nxa4 21.Rxa4 Kb8 22.Bf1 g5 23.fxg5 Rhg8
24.c3 Nc6 25.Nxc6+ Qxc6 26.Rxa5 d4 27.Rxd4 Rxd4 28.Bxd4 Bxg5 29.b4 Bh4 30.Qb2 Qe4
31.Ra1 Bg5 32.Qe2 Qc6 33.Rb1 Qd5 34.b5 a5 35.Rd1 Qb3 36.Ra1 Bd8 37.Qa2 Qxa2
38.Rxa2 Bd5 39.Ra3 Kb7 40.Kf2 Rg4 41.g3 Bb6 42.Bd3 h6 43.Ke3 Bxd4+ 44.cxd4 Kb6
45.Be2 Rg8 46.Kd2 Ra8 47.Kc3 Rc8+ 48.Kb2 f6 49.exf6  1/2-1/2

[Event "Hastings9293"]
[Site "Hastings"]
[Date "1992.??.??"]
[Round "13"]
[White "Sadler, Matthew"]
[Black "Polgar, Judit"]
[Result "1/2-1/2"]
[WhiteElo "2515"]
[BlackElo "2575"]

1.d4 Nf6 2.c4 g6 3.Nc3 Bg7 4.e4 d6 5.f3 O-O 6.Bg5 c5 7.d5 h6 8.Be3 e6 9.Qd2 exd5
10.cxd5 Re8 11.Nge2 h5 12.Nf4 Nbd7 13.Be2 Ne5 14.O-O a6 15.b3 b5 16.Rac1 h4
17.Nd1 Bd7 18.Nf2 a5 19.N4h3 c4 20.bxc4 Nxc4 21.Bxc4 bxc4 22.Bd4 Nh5 23.Bxg7 Nxg7
24.Rfd1 Rc8 25.Qd4 Nh5 26.Rc3 Qf6 27.Qxf6 Nxf6 28.Nf4 Rc5 29.Rd2 Rb8 30.h3 Rb1+
31.Kh2 Rf1 32.g4 hxg3+ 33.Kxg3 g5 34.Ne2 Nh5+ 35.Kg2 Ra1 36.Nd1 Rb5 37.Rxc4 Rxd1
38.Rxd1 Rb2 39.Kf1 Bb5 40.Rdc1 Bxc4 41.Rxc4 Rxa2 42.Rc6 Nf4 43.Nxf4 gxf4
44.h4 f5 45.exf5 a4 46.Rxd6 Kf7 47.Ra6 a3 48.d6 Rd2 49.Rxa3 Kf6 50.Ra6 Kxf5
51.Ke1 Rd5 52.Kf1 Rd2 53.Kg1 Kg6 54.Ra4 Rxd6 55.Rxf4 Rd2 56.Re4 Kh5 57.Rg4 Ra2
58.Re4 Rd2 59.Kf1 Rh2 60.Re8 Rxh4 61.Rg8 Ra4 62.Kf2 Ra3 63.Kg3 Ra4  1/2-1/2

[Event "Madrid"]
[Site "Madrid"]
[Date "1992.??.??"]
[Round "7"]
[White "Polgar, Judit"]
[Black "Karpov, Anatoly"]
[Result "1/2-1/2"]
[WhiteElo "2550"]
[BlackElo "2725"]

1.e4 e6 2.d4 d5 3.Nc3 dxe4 4.Nxe4 Bd7 5.Nf3 Bc6 6.Bd3 Nd7 7.O-O Ngf6 8.Qe2 Nxe4
9.Bxe4 Bxe4 10.Qxe4 c6 11.c4 Be7 12.b3 O-O 13.Bb2 Qa5 14.Qe3 Ba3 15.Bc3 Bb4
16.Bb2 Ba3 17.Bc3 Bb4 18.Bb2  1/2-1/2

[Event "Oviedo rapid45"]
[Site "Oviedo"]
[Date "1992.??.??"]
[Round "6"]
[White "Christiansen, Larry Mark"]
[Black "Polgar, Judit"]
[Result "1-0"]
[WhiteElo "2595"]
[BlackElo "2550"]

1.e4 c5 2.Nf3 d6 3.d4 cxd4 4.Nxd4 Nf6 5.Nc3 e6 6.f4 Be7 7.Bd3 O-O 8.O-O Nc6
9.Nf3 a6 10.Qe1 Nb4 11.Kh1 b5 12.Bd2 Bb7 13.Nd1 Nxd3 14.cxd3 a5 15.a3 Nd7
16.Nf2 Nc5 17.Rd1 d5 18.Bc3 Qb6 19.Bd4 b4 20.e5 bxa3 21.bxa3 Qd8 22.Rb1 Ba6
23.Qe3 Rc8 24.Rfc1 Na4 25.Ng4 Rxc1+ 26.Rxc1 h5 27.Nf2 Qd7 28.g4 h4 29.Rg1 Rc8
30.f5 Bxa3 31.g5 exf5 32.g6 fxg6 33.e6 Qc7 34.Qg5 Kf8 35.Qxg6  1-0

[Event "Roquebrune rapid"]
[Site "Roquebrune"]
[Date "1992.??.??"]
[Round "4"]
[White "Polgar, Judit"]
[Black "Piket, Jeroen"]
[Result "1/2-1/2"]
[WhiteElo "2550"]
[BlackElo "2615"]

1.e4 e5 2.Nf3 Nc6 3.Bb5 a6 4.Ba4 Nf6 5.O-O Be7 6.Re1 b5 7.Bb3 d6 8.c3 O-O
9.h3 Na5 10.Bc2 c5 11.d4 Nd7 12.Nbd2 cxd4 13.cxd4 Nc6 14.Nf1 exd4 15.Nxd4 Nxd4
16.Qxd4 Ne5 17.Ne3 Bf6 18.Qd1 Be6 19.Nd5 Bxd5 20.Qxd5 Rc8 21.Bb3 Nc4 22.Rb1 Re8
23.Bf4 Be5 24.Be3 Qf6 25.Bxc4 Rxc4 26.b3 Rxe4 27.Qc6 Bf4 28.Bd2 Qe6 29.Rxe4 Qxe4
30.Qxe4 Rxe4 31.Bxf4 Rxf4 32.Rc1 Kf8 33.Rc6 Rd4 34.Rxa6 Rd1+ 35.Kh2 Rd2 36.a4 bxa4
37.bxa4 Ke7 38.Kg3 Ke6 39.a5 h5 40.h4 Ra2 41.Kf3 f6  1/2-1/2

[Event "Roquebrune rapid"]
[Site "Roquebrune"]
[Date "1992.??.??"]
[Round "5"]
[White "Ljubojevic, Ljubomir"]
[Black "Polgar, Judit"]
[Result "1-0"]
[WhiteElo "2610"]
[BlackElo "2550"]

1.e4 c5 2.Nf3 e6 3.d4 cxd4 4.Nxd4 Nc6 5.Nb5 d6 6.c4 Nf6 7.N1c3 a6 8.Na3 b6
9.Be2 Bb7 10.O-O Ne5 11.f3 Be7 12.Be3 Rb8 13.Qe1 O-O 14.Qf2 Bc6 15.Rfd1 Qc7
16.Rac1 Qb7 17.Bd4 Ng6 18.Bf1 Nh5 19.Nc2 f5 20.Nb4 f4 21.Nxc6 Qxc6 22.Qd2 Ne5
23.b4 Qc7 24.Na4 a5 25.bxa5 bxa5 26.c5 dxc5 27.Nxc5 Qd6 28.Bf2 Qxd2 29.Rxd2 Rfc8
30.Rdc2 Kf7 31.Nd7 Nxd7 32.Rxc8 Rb2 33.R8c2 Rb8 34.a4 Nhf6 35.Bb5 Ba3 36.Rd1 Ne5
37.Rc7+ Kg6 38.Bc5 Bb4 39.Bxb4 axb4 40.Rc5 Nf7 41.Rc4 b3 42.Rc3 b2 43.Rb3 Ne5
44.Rxb2 Nc4 45.Ra2 Ne3 46.Rc1 h5 47.h4 Ng8 48.Bd7 Kf6 49.a5 Ke7 50.Bc6  1-0

[Event "Roquebrune rapid"]
[Site "Roquebrune"]
[Date "1992.??.??"]
[Round "8"]
[White "Polgar, Judit"]
[Black "Polugaevsky, Lev"]
[Result "0-1"]
[WhiteElo "2550"]
[BlackElo "2630"]

1.e4 c5 2.Nf3 d6 3.d4 cxd4 4.Nxd4 Nf6 5.Nc3 a6 6.f4 Qc7 7.Nf3 e6 8.Bd3 Nbd7
9.O-O b5 10.Qe1 Bb7 11.Kh1 b4 12.Nd1 Be7 13.Nf2 Nc5 14.Bd2 a5 15.a3 b3 16.Bb5+ Nfd7
17.Rc1 bxc2 18.Rxc2 a4 19.Bb4 O-O 20.Qe3 Nf6 21.f5 exf5 22.exf5 Nd5 23.Qd4 Qb6
24.Bc4 Bf6 25.Bxc5 dxc5 26.Qd2 Rad8 27.Qc1 Bd4 28.Re2 Nf6 29.Re7 Rde8 30.Qe1 Qd8
31.Rxe8 Rxe8 32.Qd2 Bxf3 33.gxf3 Qd7 34.Qd3 Re3 35.Qd1 Qxf5 36.Be2 Qd7 37.Ng4 Nd5
38.Nxe3 Nxe3 39.Qd3 Nxf1 40.Bxf1 Qb7 41.Qe2 g6 42.Kg2 Qxb2 43.Qxb2 Bxb2 44.Bb5 Bxa3
45.Bxa4 c4 46.Kf2 c3 47.Ke3 Bd6 48.h3 Kg7 49.f4 f5 50.Bb3 Kf6 51.Kf3 Bc5
52.Ke2 h6 53.Kd3 Bb4 54.Kc4 Ba5 55.Kd4 g5 56.Ke3 Bc7 57.fxg5+ hxg5 58.Kd4 Be5+
59.Ke3 g4 60.hxg4 fxg4 61.Ke4 g3 62.Kf3 Ke7 63.Bc2 Kd6 64.Be4 Kc5 65.Ke2 Kd4
66.Bc2 Kc4 67.Ke3 Kb4 68.Ke2 Ka3  0-1

[Event "Roquebrune rapid"]
[Site "Roquebrune"]
[Date "1992.??.??"]
[Round "9"]
[White "Ivanchuk, Vassily"]
[Black "Polgar, Judit"]
[Result "1/2-1/2"]
[WhiteElo "2720"]
[BlackElo "2550"]

1.d4 Nf6 2.Nf3 g6 3.g3 Bg7 4.c4 O-O 5.Bg2 d6 6.O-O Nc6 7.Nc3 e5 8.d5 Ne7
9.b4 a5 10.bxa5 Rxa5 11.Nd2 Nd7 12.Nb3 Ra8 13.e4 b6 14.a4 Ba6 15.Nb5 Nc5
16.a5 Nxb3 17.Qxb3 bxa5 18.Bd2 c6 19.Bxa5 Qd7 20.Nc7 Rab8 21.Qa4 Bc8 22.Rfd1 cxd5
23.cxd5 Rb7 24.Qxd7 Bxd7 25.Bf1 Rc8 26.Rdc1 Bh6 27.Ba6 Bxc1 28.Bxb7 Rb8 29.Ba6 Bg5
30.h4 Bf6 31.Bf1 Nc8 32.Rc1 Kf8 33.Bb5 Bxb5 34.Nxb5 Rxb5 35.Rxc8+ Kg7 36.Bd2 Rb2
37.Be3 Rb4 38.f3 Rb3 39.Kf2 h5 40.Rc6 Be7 41.f4 Rb7 42.Kf3 f6 43.fxe5 fxe5
44.Bb6 Kf7 45.Bc7 Rb3+ 46.Ke2 Rxg3 47.Bxd6 Bxd6 48.Rxd6 Rg4 49.Ke3 Rxh4 50.Re6 Rh3+
51.Kf2 h4 52.Rxe5 Rd3 53.Kg2 Rg3+ 54.Kh2 Re3 55.d6 Rd3 56.Re7+ Kf6 57.e5+ Kf5
58.d7 Rd2+ 59.Kg1 Rd1+ 60.Kg2 Rd2+ 61.Kh3 Rd3+ 62.Kh2 Rd2+ 63.Kg1 Rd1+ 64.Kf2 h3
65.Kg3 Rd3+ 66.Kh2 Kg4 67.Rg7 Rd2+ 68.Kh1 Rd1+ 69.Kh2 Rd2+  1/2-1/2

[Event "Roquebrune rapid"]
[Site "Roquebrune"]
[Date "1992.??.??"]
[Round "11"]
[White "Karpov, Anatoly"]
[Black "Polgar, Judit"]
[Result "1-0"]
[WhiteElo "2725"]
[BlackElo "2550"]

1.c4 g6 2.d4 Bg7 3.Nc3 Nf6 4.e4 d6 5.f3 O-O 6.Be3 c5 7.dxc5 dxc5 8.Qxd8 Rxd8
9.Bxc5 Nc6 10.Nd5 Nd7 11.Bxe7 Nxe7 12.Nxe7+ Kf8 13.Nd5 Bxb2 14.Rb1 Ba3 15.Nh3 b6
16.Be2 Ne5 17.Nf2 Bb7 18.f4 Nc6 19.h4 Nd4 20.Rh3 Rac8 21.h5 Bxd5 22.cxd5 Rc2
23.Bd3 Rxa2 24.Bc4 Rc2 25.Rxa3 Rxc4 26.Rxa7 b5 27.h6 b4 28.Ng4 Nc2+ 29.Kd2 Na3
30.Rf1 Rxe4 31.Nf6 Rd4+ 32.Ke3 Nc2+ 33.Kf3 Rd3+ 34.Ke2 R3xd5 35.Nxh7+ Kg8
36.Nf6+ Kh8 37.Nxd5 Rxd5 38.Rxf7 b3 39.Rb7 Nd4+ 40.Kf2 Nb5 41.Ra1 Rd2+ 42.Kg3 Ra2
43.Rd1  1-0

[Event "Roquebrune rapid"]
[Site "Roquebrune"]
[Date "1992.??.??"]
[Round "16"]
[White "Polgar, Judit"]
[Black "Ljubojevic, Ljubomir"]
[Result "0-1"]
[WhiteElo "2550"]
[BlackElo "2610"]

1.e4 c5 2.Nf3 d6 3.d4 Nf6 4.Nc3 cxd4 5.Nxd4 a6 6.f4 e6 7.Qf3 Qb6 8.Nb3 Qc7
9.Bd3 Nbd7 10.g4 h6 11.Qh3 g6 12.Be3 Bg7 13.O-O-O Nb6 14.Rhe1 Bd7 15.f5 g5
16.Qf3 O-O-O 17.Bd4 exf5 18.e5 dxe5 19.Bxe5 Qc6 20.Qxc6+ Bxc6 21.Bxf5+ Bd7
22.Rxd7 Nbxd7 23.Nc5 Rhe8 24.N3a4 Nd5 25.Bg3 Rxe1+ 26.Bxe1 Kc7 27.Nxd7 Rxd7
28.Bg3+ Kd8 29.Bxd7 Kxd7 30.Nc5+ Kc6 31.Nd3 Ne3 32.h3 Kd5 33.Bf2 Bd4 34.c3 Bb6
35.b3 Ke4 36.Kd2 Kf3 37.c4 Nxc4+ 38.bxc4 Bxf2 39.Ne5+ Kg3 40.Nxf7 Bc5 41.Nxh6 Kxh3
42.Kd3 Bf8 43.Nf7 Kxg4 44.Ke4 b6 45.Ne5+ Kh5 46.Kf5 Bc5 47.Ng4 Bd4 48.Nh2 Bb2
49.Ng4 a5 50.a4 Kh4 51.Nf2 Bd4 52.Ng4 Bb2 53.Nf2 Bc1 54.Ng4 Kg3 55.Ne5 Bf4
56.Nd7 Be3 57.Ne5 Bf4 58.Nd7 Kf3 59.Nf6 Ke3 60.Nd5+ Kd4 61.Nxb6 Bc1 62.Kg4 Kc5
63.Nd5 Kxc4 64.Nb6+ Kb3 65.Kf3 Kb4 66.Kg4 Kb3 67.Kf3 Bd2 68.Kg4 Be3 69.Nd5 Bf4
70.Nb6 Bc7 71.Nd5 Bd8 72.Ne3 Kxa4 73.Nc4 Kb4 74.Ne5 Kb5 75.Nf7 Be7 76.Ne5 a4
77.Nd3 a3 78.Nc1 Kc4 79.Kf5 Kc3 80.Kg4 Kc2 81.Na2  0-1

[Event "Roquebrune rapid"]
[Site "Roquebrune"]
[Date "1992.??.??"]
[Round "19"]
[White "Polugaevsky, Lev"]
[Black "Polgar, Judit"]
[Result "1/2-1/2"]
[WhiteElo "2630"]
[BlackElo "2550"]

1.Nf3 Nf6 2.g3 g6 3.Bg2 Bg7 4.O-O O-O 5.d4 d6 6.Nbd2 Nbd7 7.e4 c5 8.c3 Qc7
9.b3 e5 10.dxe5 dxe5 11.Bb2 b6 12.Qc2 Bb7 13.Rfe1 Rad8 14.Nf1 c4 15.b4 b5
16.a4 a6 17.axb5 axb5 18.Ra5 Bc6 19.Raa1 Nb6 20.Bc1 Rd3 21.N1d2 Rfd8 22.Bf1 R3d7
23.Bh3 Re7 24.Ra5 Qb7 25.Bf1 h6 26.h4 Ng4 27.Bh3 Nf6 28.Bf1 Nc8 29.Bg2 Nd6
30.Nh2 Qb6 31.Ndf1 Qb7 32.f3 Nc8 33.Be3 Rd3 34.Nd2 Nh5 35.Nhf1 f5 36.Bc5 Red7
37.Re2 f4 38.g4 Ng3 39.Nxg3 fxg3 40.Nf1 Rd1 41.Be3 R7d3 42.Bd2 Qb6+ 43.Kh1 Rxf1+
44.Bxf1 Rxf3 45.Bg2 Rd3 46.Ra1 Qd8 47.g5 Qd7 48.gxh6 Qg4 49.Bg5 Bxh6 50.Kg1 Bxg5
51.hxg5 Qh4 52.Rd1 Qh2+ 53.Kf1 Bd7 54.Rxd3 cxd3 55.Qxd3 Bh3 56.Ke1 Bxg2 57.Qd8+ Kf7
58.Qxc8 Qh1+ 59.Kd2 Bf3 60.Qd7+ Kf8 61.Qd6+ Ke8 62.Qxe5+ Kd8 63.Qxg3 Bxe2
64.Kxe2 Qxe4+ 65.Qe3 Qg2+ 66.Kd3 Qf1+ 67.Kd4 Kd7 68.Kc5 Qc4+ 69.Kb6 Qc6+
70.Ka7 Qc7+ 71.Ka6 Qc8+  1/2-1/2

[Event "Roquebrune rapid"]
[Site "Roquebrune"]
[Date "1992.??.??"]
[Round "22"]
[White "Polgar, Judit"]
[Black "Karpov, Anatoly"]
[Result "0-1"]
[WhiteElo "2550"]
[BlackElo "2725"]

1.e4 c6 2.d4 d5 3.exd5 cxd5 4.Bd3 Nc6 5.c3 Qc7 6.Ne2 Bg4 7.Qb3 Bxe2 8.Bxe2 Rd8
9.Bg5 g6 10.Nd2 Bh6 11.h4 Kf8 12.Nf3 Kg7 13.h5 a6 14.Qd1 f6 15.Bh4 Bf4 16.g3 Bd6
17.Bg5 Bxg3 18.h6+ Kf7 19.fxg3 Qxg3+ 20.Kd2 fxg5 21.Kc2 Ke8 22.Rg1 Qd6 23.Nxg5 Nxh6
24.Qd3 Rc8 25.a3 Nf5 26.Rae1 Ncxd4+ 27.Kb1 Nxe2 28.Rxe2 e5 29.Rf1 e4 30.Qh3 Rc7
31.Rxf5 gxf5 32.Qxf5 Rf8 33.Qg4 Rf4 34.Qh3 Re7 35.Qc8+ Qd8 36.Qh3 Qd7 37.Qh5+ Kd8
38.Qh6 Kc7 39.Ne6+ Qxe6 40.Qxf4+ Qe5 41.Qe3 Kc6 42.Rd2 Rf7 43.b4 Qe7 44.Qd4 Rf5
45.c4 dxc4 46.Qxc4+ Kb6 47.Qd4+ Kc7 48.Rc2+ Kb8 49.Qh8+ Rf8 50.Qd4 e3 51.Re2 Re8
52.Qf4+ Qe5 53.Qf7 Qe4+ 54.Kb2 Re7 55.Qf8+ Ka7 56.Qc8 Qe5+ 57.Kb1 Rc7 58.Qh3 Rc3
59.Rb2 Qe4+ 60.Ka1 Rxa3+ 61.Ra2 Qd4+ 62.Kb1 Qd1+  0-1

[Event "Biel Interzonal"]
[Site "Biel"]
[Date "1993.??.??"]
[Round "6"]
[White "Polgar, Judit"]
[Black "Hansen, Curt"]
[Result "1/2-1/2"]
[WhiteElo "2630"]
[BlackElo "2590"]

1.e4 d5 2.exd5 Qxd5 3.Nc3 Qa5 4.d4 Nf6 5.Nf3 Bf5 6.Bc4 e6 7.Bd2 c6 8.Nh4 Bg6
9.Nxg6 hxg6 10.Qf3 Qf5 11.Qe2 Qg4 12.f3 Qh4+ 13.Qf2 Bd6 14.Ne2 Qxf2+ 15.Kxf2 Nbd7
16.Bf4 Bxf4 17.Nxf4 g5 18.Nd3 g4 19.fxg4 Nxg4+ 20.Kf3 Ngf6 21.h4 a5 22.a4 Ke7
23.g4 g6 24.Rae1 Nd5 25.Bb3 Rag8 26.g5 Kd6 27.c3 Rh7 28.Kg4 Ne7 29.Nf2 Nf5
30.Bc2 Rgh8 31.Bxf5 exf5+  1/2-1/2

[Event "Biel Interzonal"]
[Site "Biel"]
[Date "1993.??.??"]
[Round "9"]
[White "Polgar, Judit"]
[Black "Lputian, Smbat G"]
[Result "1/2-1/2"]
[WhiteElo "2630"]
[BlackElo "2565"]

1.e4 e6 2.d4 d5 3.Nc3 Nf6 4.Bg5 dxe4 5.Nxe4 Be7 6.Bxf6 Bxf6 7.Nf3 O-O 8.Qd2 b6
9.O-O-O Bb7 10.Qf4 Be7 11.Bd3 Nd7 12.Neg5 Bxg5 13.Nxg5 Nf6 14.Nf3 Qd6 15.Ne5 c5
16.dxc5 Qxc5 17.Rhe1 Rad8 18.Re3 Rd5 19.g4 Qc7 20.Rd2 Nxg4 21.Qxg4 Rxe5 22.Qg3 Rc5
23.f4 g6 24.h4 Rd8 25.Re5 Rdd5 26.Rde2 Qd8 27.R2e3 Rxe5 28.fxe5 Rd5 29.c3 Qf8
30.Kc2 Qh6 31.a4 Qh5 32.Qf4 Rd7 33.b4 Bc6 34.b5 Bb7 35.c4 Kg7 36.a5 Qh6 37.Qxh6+ Kxh6
38.a6 Ba8 39.Kc3 Rc7 40.Be2 g5 41.Rh3 Be4 42.Kd4 Bf5 43.hxg5+ Kxg5 44.Rg3+ Kf4
45.Rf3+ Kg5 46.Rg3+ Kf4 47.Rf3+  1/2-1/2

[Event "Budapest zt-A"]
[Site "Budapest"]
[Date "1993.??.??"]
[Round "5"]
[White "Georgiev, Kiril"]
[Black "Polgar, Judit"]
[Result "1-0"]
[WhiteElo "2660"]
[BlackElo "2595"]

1.e4 c5 2.Nf3 e6 3.d4 cxd4 4.Nxd4 Qb6 5.Nb3 Qc7 6.g3 Nc6 7.Bg2 Nf6 8.Bf4 d6
9.Na3 a6 10.O-O Be7 11.c4 O-O 12.Rc1 e5 13.Be3 Be6 14.h3 b5 15.f4 b4 16.Nb1 a5
17.f5 Bc8 18.g4 Nd7 19.g5 Re8 20.f6 Bf8 21.fxg7 Bxg7 22.Rxf7 Kxf7 23.Qh5+ Ke7
24.Qxh7 Kd8 25.Qxg7 a4 26.N3d2 Nd4 27.g6 Ne6 28.Qh6 Ba6 29.Rf1 Kc8 30.g7 Kb7
31.Rf7 Rad8 32.g8=Q Rxg8 33.Qxe6 Kb8 34.Kh2 Bc8 35.Nf3 Nf8 36.Rxc7 Bxe6 37.Rc6 Nh7
38.Nbd2 Rg7 39.Rb6+ Kc7 40.c5 Nf6 41.cxd6+ Rxd6 42.Rxb4 a3 43.Nxe5 Nh5 44.bxa3 Bxa2
45.Rb2 Be6 46.Rc2+ Kb7 47.Nec4  1-0

[Event "Budapest zt-A"]
[Site "Budapest"]
[Date "1993.??.??"]
[Round "9"]
[White "Cosma, Ioan"]
[Black "Polgar, Judit"]
[Result "1/2-1/2"]
[WhiteElo "2365"]
[BlackElo "2595"]

1.d4 Nf6 2.Nf3 g6 3.c4 Bg7 4.g3 c5 5.Bg2 Qa5+ 6.Nc3 Ne4 7.Bd2 Nxd2 8.Qxd2 O-O
9.O-O cxd4 10.Nd5 Qd8 11.Nxd4 Nc6 12.Nb5 d6 13.Rac1 Bd7 14.Rfd1 a6 15.Nbc3 Rb8
16.c5 e6 17.Nb6 d5 18.Nxd7 Qxd7 19.Ne4 Qe7 20.Nc3 Rbd8 21.Na4 f5 22.e3 g5
23.b4 f4 24.Nb2 f3 25.Bf1 h5 26.Nd3 h4 27.a4 hxg3 28.fxg3 d4 29.e4 g4 30.b5 axb5
31.axb5 Ne5 32.Nxe5 Bxe5 33.Qh6 Qg7 34.Qh5 Bb8 35.c6 Rf6 36.Rc5 Rh6 37.Qg5 Rc8
38.Qxg7+ Kxg7 39.b6 Bd6 40.Rg5+ Kf6 41.Rxg4 Rxc6 42.Rd3 Rc3 43.h4 Bc5 44.Kf2 Bxb6
45.Kxf3 Bc7 46.Rg5 Be5 47.Kg2 b5 48.Rd2 Rc5 49.Rb2 Rg6  1/2-1/2

[Event "Groningen PCA"]
[Site "Groningen"]
[Date "1993.??.??"]
[Round "1"]
[White "Polgar, Judit"]
[Black "Hansen, Curt"]
[Result "1/2-1/2"]
[WhiteElo "2630"]
[BlackElo "2590"]

1.e4 d5 2.exd5 Qxd5 3.Nc3 Qa5 4.d4 Nf6 5.Nf3 Bf5 6.Ne5 c6 7.Bc4 e6 8.Bd2 Nbd7
9.Qe2 Bb4 10.O-O-O Nxe5 11.dxe5 Nd5 12.Bxd5 exd5 13.a3 Bxa3 14.Qf3 Be6 15.Na2 Bb4
16.Bxb4 Qxa2 17.Qe3 O-O-O 18.Bd6 b6 19.Kd2 Qxb2 20.Rb1 d4 21.Rxb2 dxe3+ 22.Kxe3 Kb7
23.Ra1 Rhe8 24.f4 Rd7 25.Ra4 h5 26.Kd2 c5 27.c4 Rg8 28.Kc3 Kc6 29.Ra6 g5
30.Rba2 gxf4 31.Rxa7 Rg4 32.Rxd7 Kxd7 33.Ra7+ Kc8 34.Kd3 Rxg2 35.Ke4 Rxh2
36.Rc7+ Kd8 37.Rb7 Rd2 38.Kxf4 Rd4+ 39.Kg5 h4 40.Rb8+ Kd7 41.Rb7+ Kd8 42.Rb8+ Bc8
43.Rxb6 h3 44.e6 Bxe6 45.Bxc5 Rg4+ 46.Kh5 Rxc4 47.Bd6 Kd7 48.Bg3 Rc8 49.Kg5 Rg8+
50.Kf4 f5 51.Kf3 Bd5+ 52.Kf2 Bc6 53.Rb2 Rg4 54.Rd2+ Ke7 55.Bd6+ Kf7 56.Bh2 f4
57.Ke1 Ke6 58.Rd3 Bg2 59.Kf2 Kf5 60.Ra3 Rg6 61.Ra5+ Kg4 62.Ra4 Rf6 63.Rb4 Bc6
64.Rc4 Bd5 65.Rd4 Bb7 66.Rb4 Ba6 67.Ra4 Bb5 68.Rb4 Rf5 69.Kg1 Bc6 70.Kf2 Kg5
71.Rc4 Bd7 72.Kf3  1/2-1/2

[Event "Groningen PCA"]
[Site "Groningen"]
[Date "1993.??.??"]
[Round "4"]
[White "Chernin, Alexander"]
[Black "Polgar, Judit"]
[Result "1/2-1/2"]
[WhiteElo "2615"]
[BlackElo "2630"]

1.d4 Nf6 2.c4 g6 3.Nc3 Bg7 4.e4 d6 5.Nf3 O-O 6.Be2 e5 7.O-O Nc6 8.d5 Ne7
9.Nd2 a5 10.a3 Nd7 11.Rb1 f5 12.b4 Kh8 13.f3 Ng8 14.Qc2 Nh6 15.Nb5 axb4 16.axb4 Nf6
17.c5 Nh5 18.cxd6 cxd6 19.Nc4 Ra6 20.g3 Nf7 21.Na5 Qb6+ 22.Kg2 Bd7 23.Na3 Raa8
24.Qd3 Qd8 25.Bd2 Rb8 26.Rbc1 Ng5 27.Kh1 Nh3 28.Kg2 Ng5 29.Kh1 Nh3 30.Kg2  1/2-1/2